Most Common LEGO Ninjago Minifigures - Statistics

General Stats
  • This quiz has been taken 21 times
  • The average score is 19 of 47
Answer Stats
# Answer Released % Correct
110 Cole 2011-2026
100%
147 Kai 2011-2026
100%
121 Lloyd 2012-2026
100%
111 Zane 2011-2026
100%
87 Nya 2011-2026
94%
129 Jay | Rogue 2011-2026
88%
23 Lord Garmadon | Master Garmadon 2011-2023
88%
47 Wu 2011-2026
88%
7 Morro 2016-2026
75%
23 Arin 2023-2026
69%
17 Sora 2023-2026
69%
6 Pythor 2012-2022
63%
10 Crystal King | Golden Master | Overlord 2013-2022
50%
11 P.I.X.A.L. 2014-2026
50%
10 Wyldfyre 2023-2026
44%
8 Ghost Warrior 2015
38%
8 Harumi 2018-2026
38%
5 Kruncha 2011-2019
38%
25 Nindroid 2014-2022
38%
5 Ronin 2015-2021
38%
10 Lasha 2012-2019
31%
15 Lord Ras 2023-2026
31%
19 Stone Army Scout | Stone Army Swordsman | Stone Army Warrior 2013-2020
31%
5 Bucko 2016
25%
5 Frakjaw 2011-2016
25%
13 Ghost Ninja 2015-2021
25%
5 Sqiffy 2016
25%
7 Boa Destructor 2022
19%
6 Cobra Mechanic 2022
19%
5 General Cryptor 2014-2026
19%
6 Ghoultar 2015-2021
19%
11 Imperium Claw | Imperium Guard 2023-2024
19%
5 Jordana 2024
19%
8 Rattla 2011-2021
19%
5 Skull Sorcerer 2020-2022
19%
23 Wolf Mask Clan Warrior | Wolf Mask Clan Guard 2024
19%
9 Wyplash 2011-2021
19%
10 Blizzard Archer | Blizzard Samurai | Blizzard Sword Master 2019
13%
7 Cinder 2024-2025
13%
12 Dragonian Scout | Dragonian Warrior | Dragonian Tourist 2025
13%
6 Eyezor | Eyezorai 2015-2021
13%
6 Maaray Guard 2021
13%
8 Spectral Dragonian Scout | Spectral Dragonian Warrior 2025
13%
11 Vengestone Brute | Vengestone Guard | Vengestone Warrior 2022
13%
12 Bone Guard | Bone Hunter | Bone Knight 2023
6%
5 Heavy Metal | Faith 2018-2026
6%
9 Pyro Destroyer | Pyro Slayer | Pyro Whipper 2019
6%
No matching quizzes found
Score Distribution
Percent of People with Each Score
Percentile by Number Answered
Your Score History
You have not taken this quiz